=LDR 00000nam 2200000 4500 =001 INLIS000000000027955 =005 20130612130307 =008 ***********************************Ind** =035 ##$$a0010-061300000027955 =041 ##$$a Ind =082 ##$$a 338.879 102 6 =090 ##$$a 338.879 102 6, Huk h =245 ##$$a Hukum bisnis pariwisata, Ida Bagus Wyasa Putra, SH =260 ##$$a 2003 $b Bandung =300 ##$$a viii, 186 hlm, ilus, 23 cm =650 ##$$a Industri Pariwisata, Hukum Bisnis =850 ##$$a NBPNMAT =990 ##$$a 93077/BPAP-NTB/2014 =990 ##$$a 0001/BPAP-NTB/20142014 =990 ##$$a 0001/BPAP-NTB/20142014